Inventarizácia v školstve
Hnuteľný majetok školy. Dôvody vykonávania inventarizácie. Čo zabezpečuje inventarizácia. V zákone o účtovníctve sú stanovené lehoty na vykonávanie inventarizácie. Vnútorný predpis o inventarizácii. Dátum vykonávania inventarizácie. Po skončení inventúry sa vyhotoví inventúrny súpis. Význam inventúr...
Salvato in:
| Autore principale: | |
|---|---|
| Natura: | Capitolo di libro |
| Lingua: | slovacco |
| Soggetti: | |
| Tags: |
Nessun Tag, puoi essere il primo ad aggiungerne!!
|
MARC
| LEADER | 00000naa$a2200000$$$4500 | ||
|---|---|---|---|
| 001 | 0101657 | ||
| 005 | 20231120114055.9 | ||
| 041 | 0 | |a slo | |
| 044 | |a SK | ||
| 245 | 1 | 0 | |a Inventarizácia v školstve |c Janka Mráziková |
| 520 | |a Hnuteľný majetok školy. Dôvody vykonávania inventarizácie. Čo zabezpečuje inventarizácia. V zákone o účtovníctve sú stanovené lehoty na vykonávanie inventarizácie. Vnútorný predpis o inventarizácii. Dátum vykonávania inventarizácie. Po skončení inventúry sa vyhotoví inventúrny súpis. Význam inventúrneho súpisu. Inventarizačný zápis. Výsledok z porovnávania skutočného stavu majetku. | ||
| 610 | 2 | 0 | |a inventarizácia |
| 610 | 2 | 0 | |a školstvo |
| 610 | 2 | 0 | |a majetok |
| 610 | 2 | 0 | |a zodpovednosť hmotná |
| 610 | 2 | 0 | |a inventúra |
| 610 | 2 | 0 | |a účtovníctvo |
| 610 | 2 | 0 | |a zápisy účtovné |
| 100 | 1 | |a Mráziková, Janka | |